[Event "Avoine op 25th"]
[Site "Avoine"]
[Date "2010.07.21"]
[Round "5"]
[White "Konopka, Jeremiasz1"]
[Black "Ralle, Pierre"]
[Result "0-1"]
[WhiteElo "1989"]
[BlackElo "2135"]
[PlyCount "107"]
[EventDate "2010.07.??"]
[EventType "swiss"]
[EventRounds "9"]
[EventCountry "FRA"]
[Source "Mark Crowther"]
[SourceDate "2010.08.02"]
[WhiteTeamCountry "FRA"]
[BlackTeamCountry "FRA"]

1. b3 d5 2. f4 Nf6 3. Bb2 e6 4. Nf3 c5 5. e3 Nc6 6. Be2 Bd6 7. O-O Qc7 8. Bb5
Bd7 9. Bxc6 Bxc6 10. Ne5 O-O-O 11. d3 Be8 12. Nd2 Rg8 13. Ndf3 h6 14. Qe2 Nh5
15. d4 g5 16. fxg5 hxg5 17. g4 Nf6 18. dxc5 Bxc5 19. Rac1 Qb6 20. Bd4 Ne4 21.
c4 Kb8 22. Bxc5 Qxc5 23. a4 f6 24. cxd5 Qxd5 25. Rfd1 Nc3 26. Qc2 Qxd1+ 27.
Rxd1 Rxd1+ 28. Kf2 fxe5 29. Qxc3 Bc6 30. Qxe5+ Ka8 31. Nxg5 Rd5 32. Qxe6 Rdxg5
33. h3 a6 34. Qe7 R5g6 35. a5 R6g7 36. Qf6 Bd5 37. Qc3 Rf8+ 38. Ke2 Rd7 39. Qc5
Rdd8 40. e4 Rfe8 41. Kf3 Bxe4+ 42. Kf4 Bc6 43. g5 Rd3 44. Kg4 Bd7+ 45. Kh5
Rxh3+ 46. Kg6 Bc6 47. Kg7 Rxb3 48. g6 Rb5 49. Qc3 Rd5 50. Kf6 Rd6+ 51. Kf7 Rd7+
52. Kf6 Rg8 53. Qc5 Rdg7 54. Qf5 0-1

[Event "Avoine op 25th"]
[Site "Avoine"]
[Date "2010.07.21"]
[Round "5"]
[White "Le Franc, Yves"]
[Black "Hutois, Mickael"]
[Result "1/2-1/2"]
[WhiteElo "1960"]
[BlackElo "2133"]
[PlyCount "31"]
[EventDate "2010.07.??"]
[EventType "swiss"]
[EventRounds "9"]
[EventCountry "FRA"]
[Source "Mark Crowther"]
[SourceDate "2010.08.02"]
[WhiteTeamCountry "FRA"]
[BlackTeamCountry "FRA"]

1. e4 e5 2. Nf3 Nc6 3. Bc4 Be7 4. O-O Nf6 5. Nc3 d6 6. h3 O-O 7. d4 Nd7 8. Nd5
Nb6 9. Nxe7+ Qxe7 10. Bg5 Qe8 11. Bd5 Nxd4 12. Nxd4 Nxd5 13. exd5 exd4 14. Qxd4
Qe5 15. Qxe5 dxe5 16. Rfe1 1/2-1/2

[Event "Avoine op 25th"]
[Site "Avoine"]
[Date "2010.07.21"]
[Round "5"]
[White "Masset, Jacques"]
[Black "Valette, Christian"]
[Result "0-1"]
[WhiteElo "1919"]
[BlackElo "2088"]
[PlyCount "82"]
[EventDate "2010.07.??"]
[EventType "swiss"]
[EventRounds "9"]
[EventCountry "FRA"]
[Source "Mark Crowther"]
[SourceDate "2010.08.02"]
[WhiteTeamCountry "FRA"]
[BlackTeamCountry "FRA"]

1. e4 e6 2. d4 b6 3. Bd3 Bb7 4. Nf3 d6 5. O-O Nd7 6. c4 g6 7. Nc3 Bg7 8. Re1
Ne7 9. Be3 O-O 10. Qd2 e5 11. d5 Nc5 12. Bc2 Bc8 13. b4 Na6 14. a3 Bg4 15. Bd1
Nb8 16. Rc1 a5 17. h3 Bc8 18. Bc2 Nd7 19. Nb5 f5 20. exf5 gxf5 21. Bg5 Nf6 22.
c5 Ne8 23. Bb3 Kh8 24. Rc2 Bd7 25. cxd6 cxd6 26. a4 Bf6 27. Rec1 Rc8 28. Bh6
Rxc2 29. Rxc2 Rg8 30. Ng5 Bxg5 31. Bxg5 f4 32. h4 Bf5 33. Rc1 Rg6 34. bxa5 bxa5
35. Qc3 h6 36. Bxf4 Nf6 37. Bd2 Qg8 38. g3 Ne4 39. Qxa5 Rxg3+ 40. Kf1 Nxd2+ 41.
Qxd2 Bd3+ 0-1

[Event "Avoine op 25th"]
[Site "Avoine"]
[Date "2010.07.21"]
[Round "5"]
[White "Delboe, Charles"]
[Black "Suez Panama, Gilles"]
[Result "0-1"]
[WhiteElo "1955"]
[BlackElo "2081"]
[PlyCount "134"]
[EventDate "2010.07.??"]
[EventType "swiss"]
[EventRounds "9"]
[EventCountry "FRA"]
[Source "Mark Crowther"]
[SourceDate "2010.08.02"]
[WhiteTeamCountry "FRA"]
[BlackTeamCountry "FRA"]

1. e4 e6 2. b3 c5 3. Bb2 Nc6 4. f4 Nf6 5. Nc3 d5 6. e5 Nd7 7. Nf3 Be7 8. Bd3 a6
9. h4 h6 10. Qe2 Nd4 11. Nxd4 cxd4 12. Nxd5 exd5 13. e6 Nf6 14. exf7+ Kxf7 15.
Bxd4 Re8 16. h5 Ne4 17. O-O-O Ba3+ 18. Kb1 Nc3+ 19. dxc3 Rxe2 20. Bxe2 Bf5 21.
Be5 Rc8 22. Bf3 Rc5 23. g4 Be6 24. f5 Bd7 25. Bxd5+ Rxd5 26. Rxd5 Qe7 27. f6
gxf6 28. Rf1 f5 29. Bd4 Qe2 30. Rg1 Be6 31. Ra5 f4 32. Rxa3 f3 33. Ra5 f2 34.
Bxf2 Qxf2 35. Rd1 Bxg4 36. Rdd5 b6 37. Ra4 Bf5 38. Kb2 Qxc2+ 39. Ka3 Qc1+ 40.
Kb4 Be6 41. Rd4 a5+ 42. Kb5 Qxc3 43. Kxb6 Qc8 44. Rd6 Qb8+ 45. Kc5 Qc7+ 46. Rc6
Qe5+ 47. Kb6 Qxh5 48. Rxa5 Qf3 49. b4 h5 50. Ra7+ Kf6 51. Ra8 Qe3+ 52. Kc7 Qf4+
53. Rd6 Qc4+ 54. Rc6 Qf4+ 55. Rd6 Qxb4 56. Raa6 Qc5+ 57. Rdc6 Qe5+ 58. Kb7 h4
59. Rxe6+ Qxe6 60. Rxe6+ Kxe6 61. a4 h3 62. a5 h2 63. a6 h1=Q+ 64. Kb8 Qh8+ 65.
Kb7 Qg7+ 66. Kb8 Kd6 67. Ka8 Qc7 0-1

[Event "Avoine op 25th"]
[Site "Avoine"]
[Date "2010.07.21"]
[Round "5"]
[White "Nord, Antoine"]
[Black "Marchadour, Claire"]
[Result "1-0"]
[WhiteElo "1937"]
[BlackElo "2072"]
[PlyCount "49"]
[EventDate "2010.07.??"]
[EventType "swiss"]
[EventRounds "9"]
[EventCountry "FRA"]
[Source "Mark Crowther"]
[SourceDate "2010.08.02"]
[WhiteTeamCountry "FRA"]
[BlackTeamCountry "FRA"]

1. e4 c5 2. c3 e6 3. d4 cxd4 4. cxd4 d5 5. e5 Nc6 6. Nf3 Nge7 7. Na3 Nf5 8. Nc2
Qb6 9. Be2 Be7 10. O-O Bd7 11. b3 O-O 12. g4 Nh4 13. Nxh4 Bxh4 14. f4 f6 15.
Be3 fxe5 16. fxe5 Be7 17. Bd3 g6 18. h4 a5 19. g5 Nb4 20. Nxb4 Bxb4 21. Qg4 a4
22. h5 axb3 23. hxg6 Rxf1+ 24. Rxf1 bxa2 25. Qh5 1-0

[Event "Avoine op 25th"]
[Site "Avoine"]
[Date "2010.07.21"]
[Round "5"]
[White "Sanduleac, Vasile"]
[Black "Davy, Bruno"]
[Result "1-0"]
[WhiteElo "2451"]
[BlackElo "1935"]
[PlyCount "49"]
[EventDate "2010.07.??"]
[EventType "swiss"]
[EventRounds "9"]
[EventCountry "FRA"]
[Source "Mark Crowther"]
[SourceDate "2010.08.02"]
[WhiteTeamCountry "FRA"]
[BlackTeamCountry "FRA"]

1. e4 e5 2. Nf3 Nc6 3. Bc4 Nf6 4. d3 Bc5 5. c3 a6 6. Bb3 d6 7. Nbd2 O-O 8. h3
Nh5 9. Nc4 Qf6 10. g3 Be6 11. Ne3 Bxb3 12. axb3 g6 13. Nd5 Qd8 14. b4 Ba7 15.
Bh6 Ne7 16. Bxf8 Kxf8 17. Nxe7 Qxe7 18. Qe2 Qe6 19. Nd2 d5 20. exd5 Qxd5 21.
Qe4 Qd6 22. Nc4 Qf6 23. Rf1 Qd8 24. O-O-O f6 25. Qxb7 1-0

[Event "Avoine op 25th"]
[Site "Avoine"]
[Date "2010.07.21"]
[Round "5"]
[White "Kempinski, Andre"]
[Black "Degremont, Patrick"]
[Result "1-0"]
[WhiteElo "2129"]
[BlackElo "1923"]
[PlyCount "69"]
[EventDate "2010.07.??"]
[EventType "swiss"]
[EventRounds "9"]
[EventCountry "FRA"]
[Source "Mark Crowther"]
[SourceDate "2010.08.02"]
[WhiteTeamCountry "FRA"]
[BlackTeamCountry "FRA"]

1. e4 e6 2. d4 d5 3. Nc3 dxe4 4. Nxe4 Nd7 5. Nf3 Ngf6 6. Bg5 Be7 7. Bxf6 Nxf6
8. Bd3 O-O 9. O-O c6 10. c3 Qc7 11. Qe2 b6 12. Rfe1 Bb7 13. Nfg5 g6 14. h4 Nxe4
15. Qxe4 c5 16. Nxe6 Qc8 17. Qg4 Bd5 18. Bf5 Bxe6 19. Rxe6 Qd8 20. Re3 Kh8 21.
Bc2 f5 22. Qe2 Bxh4 23. dxc5 bxc5 24. Rd1 Qc7 25. Qc4 Bg5 26. Red3 Rad8 27. b4
Rxd3 28. Rxd3 Rc8 29. b5 Re8 30. Rd1 Bf6 31. g3 Qe5 32. Rd7 Qe1+ 33. Kg2 Re2
34. Qxc5 Be7 35. Qd4+ 1-0

[Event "Avoine op 25th"]
[Site "Avoine"]
[Date "2010.07.21"]
[Round "5"]
[White "Pallandre, Fabrice"]
[Black "Lukasiewicz, Aleksander"]
[Result "1/2-1/2"]
[WhiteElo "2103"]
[BlackElo "1905"]
[PlyCount "125"]
[EventDate "2010.07.??"]
[EventType "swiss"]
[EventRounds "9"]
[EventCountry "FRA"]
[Source "Mark Crowther"]
[SourceDate "2010.08.02"]
[WhiteTeamCountry "FRA"]
[BlackTeamCountry "FRA"]

1. e4 e5 2. Nf3 Nc6 3. Bb5 a6 4. Ba4 d6 5. O-O Bd7 6. c3 g6 7. d4 Bg7 8. Re1
Nge7 9. Be3 O-O 10. Nbd2 Qe8 11. Bc2 Bg4 12. h3 Bxf3 13. Nxf3 Nd8 14. Qd2 Ne6
15. Bh6 f6 16. Bb3 Qc8 17. Rad1 Kh8 18. dxe5 fxe5 19. Bxg7+ Kxg7 20. Nxe5 dxe5
21. Qd7 Qxd7 22. Rxd7 Kf6 23. Re3 Nc5 24. Rf3+ Nf5 25. Rxc7 Nxe4 26. g4 Nd2 27.
Rd3 Nh4 28. f4 exf4 29. Rd6+ Kg5 30. Rc5+ Kh6 31. Rh5+ Kg7 32. Rd7+ Kf6 33.
Rd6+ Ke7 34. Re6+ Kd8 35. Rxh7 Nxb3 36. axb3 Nf3+ 37. Kf1 Ng5 38. Rd6+ Kc8 39.
Rg7 Rf7 40. Rxf7 Nxf7 41. Rxg6 Kd7 42. Rf6 Ng5 43. h4 Nf3 44. Rxf4 Nxh4 45. g5
Ng6 46. Rf7+ Ne7 47. Rg7 Rg8 48. Rxg8 Nxg8 49. Ke2 Ne7 50. Kd3 Kd6 51. Kd4 b6
52. b4 Ng6 53. c4 Kc6 54. c5 a5 55. cxb6 axb4 56. Kc4 Kxb6 57. Kxb4 Ne5 58. b3
Ng6 59. Kc4 Kc6 60. b4 Kb6 61. b5 Nf4 62. Kb4 Ng6 63. Kc4 1/2-1/2

[Event "Avoine op 25th"]
[Site "Avoine"]
[Date "2010.07.21"]
[Round "5"]
[White "Potaux, Olivier"]
[Black "Lukasiewicz, Anna"]
[Result "1/2-1/2"]
[WhiteElo "1918"]
[BlackElo "2097"]
[PlyCount "73"]
[EventDate "2010.07.??"]
[EventType "swiss"]
[EventRounds "9"]
[EventCountry "FRA"]
[Source "Mark Crowther"]
[SourceDate "2010.08.02"]
[WhiteTeamCountry "FRA"]
[BlackTeamCountry "FRA"]

1. d4 Nf6 2. Nf3 g6 3. Bg5 Bg7 4. Nbd2 d5 5. e3 O-O 6. Bd3 c5 7. c3 Nbd7 8. Qe2
Re8 9. O-O Qb6 10. Rab1 e5 11. dxe5 Ng4 12. Bc2 Ngxe5 13. Bf4 Nxf3+ 14. Qxf3
Ne5 15. Qg3 Qa6 16. a3 Nd3 17. Nf3 Bf5 18. Ne1 Nxf4 19. Qxf4 Bxc2 20. Nxc2 Rad8
21. Rfd1 Re5 22. Rd2 Rh5 23. Qf3 Qc4 24. Rbd1 Qb3 25. Ne1 Rf5 26. Qe2 Re8 27.
Qd3 Qb6 28. Nf3 Qc6 29. c4 dxc4 30. Qxc4 b5 31. Qc2 Rc8 32. Rd8+ Rxd8 33. Rxd8+
Bf8 34. Nd4 Qf6 35. Rxf8+ Kxf8 36. Nxf5 Qxf5 37. Qxf5 1/2-1/2

[Event "Avoine op 25th"]
[Site "Avoine"]
[Date "2010.07.21"]
[Round "5"]
[White "Dube, Dimitri"]
[Black "Aumont, Alexandre"]
[Result "0-1"]
[WhiteElo "2093"]
[BlackElo "1898"]
[PlyCount "130"]
[EventDate "2010.07.??"]
[EventType "swiss"]
[EventRounds "9"]
[EventCountry "FRA"]
[Source "Mark Crowther"]
[SourceDate "2010.08.02"]
[WhiteTeamCountry "FRA"]
[BlackTeamCountry "FRA"]

1. c3 d5 2. Nf3 Nf6 3. d3 b6 4. Bg5 Nbd7 5. e3 Bb7 6. Nbd2 e6 7. d4 Bd6 8. Qc2
h6 9. Bh4 O-O 10. Bd3 Re8 11. O-O c5 12. Rfe1 Qc7 13. Bg3 Bxg3 14. hxg3 Rac8
15. Qa4 a6 16. Rac1 b5 17. Qa3 Qb6 18. b4 c4 19. Bb1 Ne4 20. Qb2 Qd6 21. Bc2 f5
22. a4 g5 23. a5 Kg7 24. Re2 Rh8 25. Kf1 Rcf8 26. Ke1 g4 27. Nxe4 dxe4 28. Nh4
h5 29. Rd1 Rc8 30. Rdd2 Bd5 31. Kd1 Nf6 32. Kc1 Nh7 33. Kb1 Ng5 34. Qc1 Kf6 35.
Re1 Rcd8 36. Bd1 Rh7 37. Be2 Rg8 38. Rdd1 Nf7 39. Rg1 Nd8 40. Rdf1 Nc6 41. Qe1
Rhg7 42. Bd1 Ke7 43. Bc2 Nb8 44. f3 gxf3 45. gxf3 Rxg3 46. f4 Rxg1 47. Rxg1 Qd8
48. Bd1 Bc6 49. Bxh5 Kd6 50. Ng6 Be8 51. Rg5 Nd7 52. Qg3 Nf6 53. Be2 Nh7 54.
Ne5 Nxg5 55. fxg5 Ke7 56. Qh4 Kd6 57. Qg3 Ke7 58. Bh5 Kf8 59. g6 Qf6 60. Qf4
Rh8 61. Ng4 Qe7 62. g7+ Qxg7 63. Bxe8 Rh1+ 64. Kc2 Qxg4 65. Qxg4 fxg4 0-1

[Event "Avoine op 25th"]
[Site "Avoine"]
[Date "2010.07.21"]
[Round "5"]
[White "Bry, Stephane"]
[Black "Gallet, Antoine"]
[Result "1-0"]
[WhiteElo "2084"]
[BlackElo "1870"]
[PlyCount "79"]
[EventDate "2010.07.??"]
[EventType "swiss"]
[EventRounds "9"]
[EventCountry "FRA"]
[Source "Mark Crowther"]
[SourceDate "2010.08.02"]
[WhiteTeamCountry "FRA"]
[BlackTeamCountry "FRA"]

1. e4 e5 2. Nf3 Nc6 3. Bc4 Bc5 4. c3 Nf6 5. d3 d6 6. Nbd2 a6 7. Bb3 O-O 8. h3
Be6 9. Bc2 Ba7 10. O-O d5 11. Qe2 dxe4 12. Nxe4 Nxe4 13. Qxe4 Bd5 14. Qg4 f5
15. Qg3 Bxf3 16. Qxf3 Qh4 17. Be3 Bxe3 18. fxe3 Rae8 19. d4 e4 20. Qe2 Rf6 21.
b4 Qg3 22. a4 Ne7 23. c4 Rh6 24. Kh1 Rf8 25. c5 Rff6 26. Rf2 Kh8 27. Raf1 Nd5
28. Re1 Nxb4 29. Bb1 Nd5 30. Ba2 Nc3 31. Qc2 Nxa2 32. Qxa2 Rfg6 33. Qd2 Rh4 34.
Rb1 b6 35. Qc2 h6 36. cxb6 cxb6 37. Qc8+ Kh7 38. Qxf5 Qxe3 39. Rxb6 Rxh3+ 40.
gxh3 1-0

[Event "Avoine op 25th"]
[Site "Avoine"]
[Date "2010.07.21"]
[Round "5"]
[White "Daniel, Jean Claude"]
[Black "Bodicker, Rob"]
[Result "1/2-1/2"]
[WhiteElo "1894"]
[BlackElo "2081"]
[PlyCount "82"]
[EventDate "2010.07.??"]
[EventType "swiss"]
[EventRounds "9"]
[EventCountry "FRA"]
[Source "Mark Crowther"]
[SourceDate "2010.08.02"]
[WhiteTeamCountry "FRA"]
[BlackTeamCountry "FRA"]

1. d4 Nf6 2. Nf3 d5 3. e3 Bf5 4. c4 c6 5. cxd5 cxd5 6. Qb3 Qb6 7. Bb5+ Nc6 8.
Nc3 e6 9. O-O Bd6 10. Na4 Qc7 11. Bd2 O-O 12. Rfc1 Ne4 13. Be1 Bg4 14. Ne5 Bxe5
15. dxe5 Bh5 16. Nc5 Nxc5 17. Rxc5 Qxe5 18. Bxc6 bxc6 19. Rxc6 Rfb8 20. Qc3 Qg5
21. Kh1 h6 22. Rc1 Bg6 23. b3 Rd8 24. f3 e5 25. Bf2 Re8 26. Qb2 Rad8 27. Rc7 a6
28. Qe2 Re6 29. Qe1 Qf5 30. Rc8 Ree8 31. Rxd8 Rxd8 32. Qa5 Qf6 33. Qc7 Qd6 34.
Qa5 Rb8 35. Rc5 Rb5 36. Rxb5 axb5 37. Qxb5 d4 38. exd4 exd4 39. Qe8+ Kh7 40.
Qe1 Qf4 41. Bg3 Qg5 1/2-1/2

[Event "Avoine op 25th"]
[Site "Avoine"]
[Date "2010.07.21"]
[Round "5"]
[White "Algaba, Pedro"]
[Black "Soyer, Jean Yves"]
[Result "1-0"]
[WhiteElo "1892"]
[BlackElo "2079"]
[PlyCount "69"]
[EventDate "2010.07.??"]
[EventType "swiss"]
[EventRounds "9"]
[EventCountry "FRA"]
[Source "Mark Crowther"]
[SourceDate "2010.08.02"]
[WhiteTeamCountry "FRA"]
[BlackTeamCountry "FRA"]

1. e4 c5 2. Nf3 d6 3. d4 cxd4 4. Nxd4 Nf6 5. Nc3 a6 6. Be2 e5 7. Nf3 h6 8. h3
Qc7 9. Be3 Be7 10. Qd2 Be6 11. O-O Qc6 12. Nh2 Nbd7 13. Ng4 Rc8 14. f3 d5 15.
exd5 Nxd5 16. Nxd5 Qxd5 17. Rfd1 Qxd2 18. Rxd2 f5 19. Nh2 Kf7 20. Rad1 Rc7 21.
Nf1 Rhc8 22. c3 Nf6 23. Bd3 Bc5 24. Bb1 g6 25. Bxc5 Rxc5 26. Ne3 R5c7 27. Kf2
h5 28. Rd6 f4 29. Nc2 e4 30. Nd4 e3+ 31. Ke1 Bd7 32. h4 Bb5 33. Nxb5 axb5 34.
Rb6 Re8 35. Rdd6 1-0

[Event "Avoine op 25th"]
[Site "Avoine"]
[Date "2010.07.21"]
[Round "5"]
[White "Thomas, O."]
[Black "Dupeux, Denis"]
[Result "1/2-1/2"]
[WhiteElo "2060"]
[BlackElo "1860"]
[PlyCount "35"]
[EventDate "2010.07.??"]
[EventType "swiss"]
[EventRounds "9"]
[EventCountry "FRA"]
[Source "Mark Crowther"]
[SourceDate "2010.08.02"]
[WhiteTeamCountry "FRA"]
[BlackTeamCountry "FRA"]

1. e4 c5 2. Nc3 Nc6 3. f4 g6 4. Nf3 Bg7 5. Bc4 e6 6. f5 Nge7 7. fxe6 fxe6 8.
O-O O-O 9. d3 d5 10. Bb3 a6 11. Qe1 Nd4 12. Qh4 Nxf3+ 13. gxf3 c4 14. dxc4 dxc4
15. Bxc4 Qd4+ 16. Kg2 Nf5 17. Qf2 Qxc4 18. exf5 1/2-1/2

[Event "Avoine op 25th"]
[Site "Avoine"]
[Date "2010.07.21"]
[Round "5"]
[White "Danzanvilliers, Patrice"]
[Black "Heurtebize, Christophe"]
[Result "0-1"]
[WhiteElo "1855"]
[BlackElo "2057"]
[PlyCount "82"]
[EventDate "2010.07.??"]
[EventType "swiss"]
[EventRounds "9"]
[EventCountry "FRA"]
[Source "Mark Crowther"]
[SourceDate "2010.08.02"]
[WhiteTeamCountry "FRA"]
[BlackTeamCountry "FRA"]

1. e4 c5 2. Nf3 e6 3. d4 cxd4 4. Nxd4 a6 5. Nc3 Qc7 6. Bd3 Bc5 7. Nb3 Ba7 8.
O-O Nf6 9. Kh1 d6 10. f4 O-O 11. Qf3 Nbd7 12. Be3 Bxe3 13. Qxe3 b5 14. Rae1 Bb7
15. Qh3 b4 16. Nd1 Rfd8 17. Nf2 a5 18. Ng4 Nxg4 19. Qxg4 e5 20. f5 Nf6 21. Qh4
d5 22. exd5 Bxd5 23. Qg3 Re8 24. Nd2 Rac8 25. Bb5 Re7 26. Ba4 Qd6 27. Nf3 Be4
28. Ng5 Bxc2 29. Rc1 Bxf5 30. Rxc8+ Bxc8 31. Bb3 Bg4 32. h3 Bh5 33. Nf3 Bg6 34.
Nh4 Nh5 35. Qg4 Qc7 36. Nxg6 hxg6 37. Qxg6 Nf4 38. Qe4 Qb7 39. Qc2 Nh5 40. Kh2
e4 41. Qe2 Qc7+ 0-1

[Event "Avoine op 25th"]
[Site "Avoine"]
[Date "2010.07.21"]
[Round "5"]
[White "Vingerhoets, Luc"]
[Black "Robert, Thierry"]
[Result "1/2-1/2"]
[WhiteElo "2057"]
[BlackElo "1765"]
[PlyCount "37"]
[EventDate "2010.07.??"]
[EventType "swiss"]
[EventRounds "9"]
[EventCountry "FRA"]
[Source "Mark Crowther"]
[SourceDate "2010.08.02"]
[WhiteTeamCountry "FRA"]
[BlackTeamCountry "FRA"]

1. e4 e5 2. d4 exd4 3. c3 dxc3 4. Bc4 cxb2 5. Bxb2 d5 6. Bxd5 Nf6 7. Bxf7+ Kxf7
8. Qxd8 Bb4+ 9. Qd2 Bxd2+ 10. Nxd2 Re8 11. Ngf3 Nc6 12. O-O Bg4 13. Rab1 Bxf3
14. gxf3 Rad8 15. Nc4 b6 16. Rfc1 Nd4 17. Kg2 Nh5 18. Bxd4 Rxd4 19. Na3 1/2-1/2

[Event "Avoine op 25th"]
[Site "Avoine"]
[Date "2010.07.21"]
[Round "5"]
[White "Gauthier, L."]
[Black "Laurent, Michel"]
[Result "0-1"]
[WhiteElo "1841"]
[BlackElo "2054"]
[PlyCount "78"]
[EventDate "2010.07.??"]
[EventType "swiss"]
[EventRounds "9"]
[EventCountry "FRA"]
[Source "Mark Crowther"]
[SourceDate "2010.08.02"]
[WhiteTeamCountry "FRA"]
[BlackTeamCountry "FRA"]

1. e4 c5 2. Nf3 d6 3. d4 Nf6 4. Nc3 cxd4 5. Nxd4 e6 6. Be3 a6 7. Be2 Be7 8. O-O
O-O 9. f4 Qc7 10. Qe1 b6 11. Qg3 Kh8 12. Rad1 Bb7 13. Bd3 Nbd7 14. Nb3 d5 15.
exd5 Nxd5 16. Nxd5 Bxd5 17. c4 Bb7 18. Bd4 Bf6 19. Kh1 Bxd4 20. Nxd4 Nf6 21.
Qh4 Be4 22. Bxe4 Nxe4 23. f5 exf5 24. Rxf5 Rae8 25. b3 Qe7 26. Qxe7 Rxe7 27.
Nc6 Re6 28. Rxf7 Rfe8 29. Rdf1 Kg8 30. Rc7 Nd2 31. Rg1 h5 32. h3 Re2 33. Nd4
Rf2 34. Nf3 Ne4 35. Re1 Rxa2 36. Ng5 Ng3+ 37. Kh2 Ne2 38. Rf1 Rf8 39. Rxg7+
Kxg7 0-1

[Event "Avoine op 25th"]
[Site "Avoine"]
[Date "2010.07.21"]
[Round "5"]
[White "Kapala, Serge"]
[Black "Naudion, Gregoire"]
[Result "0-1"]
[WhiteElo "1741"]
[BlackElo "2049"]
[PlyCount "82"]
[EventDate "2010.07.??"]
[EventType "swiss"]
[EventRounds "9"]
[EventCountry "FRA"]
[Source "Mark Crowther"]
[SourceDate "2010.08.02"]
[WhiteTeamCountry "FRA"]
[BlackTeamCountry "FRA"]

1. d4 Nf6 2. c4 c5 3. d5 e6 4. Nc3 exd5 5. cxd5 Bd6 6. e4 O-O 7. Nf3 Re8 8. Bd3
Bc7 9. O-O d6 10. Re1 a6 11. a4 Nbd7 12. Bg5 Rb8 13. Qc2 h6 14. Bd2 Nf8 15. h3
Ng6 16. Ra3 Bd7 17. Rb3 Nh5 18. Qc1 Ba5 19. Ra3 Bb4 20. Ra1 b5 21. axb5 axb5
22. Ra6 c4 23. Bb1 Qc8 24. Ra7 Bc5 25. Rxd7 Qxd7 26. e5 Nxe5 27. Nxe5 Rxe5 28.
Rxe5 dxe5 29. Bxh6 Nf4 30. Bxf4 exf4 31. Qxf4 Re8 32. Bf5 Re1+ 33. Kh2 Qd6 34.
Qxd6 Bxd6+ 35. g3 b4 36. Nb5 Be5 37. d6 Rd1 38. d7 Bxb2 39. Na7 Bf6 40. Nc6 b3
41. Na5 b2 0-1

[Event "Le Mans Op"]
[Site "Le Mans "]
[Date "2007.12.28"]
[Round "?"]
[White "Maze, Sebastien"]
[Black "Monroy, Charles"]
[Result "1/2-1/2"]
[WhiteElo "2576"]
[BlackElo "2368"]
[PlyCount "20"]
[EventDate "2007.12.??"]
[EventType "swiss"]
[EventRounds "9"]
[EventCountry "FRA"]
[WhiteTeamCountry "FRA"]
[BlackTeamCountry "FRA"]

1. e4 d6 2. d4 Nf6 3. Nc3 Nbd7 4. f4 e5 5. Nf3 exd4 6. Qxd4 c6 7. Be3 d5 8.
exd5 Bc5 9. Qd3 Qe7 10. Nd4 Nxd5 {...} 1/2-1/2

[Event "Paris Ch op C"]
[Site "Paris "]
[Date "2008.06.30"]
[Round "3.15"]
[White "Sommier, Patrick"]
[Black "Etienne, Yannick"]
[Result "0-1"]
[WhiteElo "1390"]
[BlackElo "1190"]
[PlyCount "76"]
[EventDate "2008.06.28"]
[EventType "swiss"]
[EventRounds "9"]
[EventCountry "FRA"]
[WhiteTeamCountry "FRA"]
[BlackTeamCountry "FRA"]

1. e4 d6 2. d4 Nf6 3. Nc3 g6 4. Be3 Bg7 5. Nf3 O-O 6. Be2 c6 7. O-O Nbd7 8. h3
b5 9. Qd2 b4 10. Nd1 a5 11. e5 dxe5 12. dxe5 Nd5 13. Bh6 e6 14. Bxg7 Kxg7 15.
c3 Qc7 16. c4 Ne7 17. Qd4 c5 18. Qd6 Qd8 19. Ne3 Ra6 20. Qd2 f6 21. Ng4 fxe5
22. Rad1 Qc7 23. Qg5 Ng8 24. Nfxe5 Rf5 25. Rxd7+ Bxd7 26. Qe3 Bc8 27. Bd3 Rh5
28. f4 Bb7 29. Rd1 Rd6 30. Rf1 Rd8 31. Rf3 Bxf3 32. Qxf3 Rf8 33. Qe2 Rxf4 34.
Qc2 Rxe5 35. Nxe5 Qxe5 36. Be2 Nh6 37. Qd2 Nf5 38. g3 Nxg3 0-1

[Event "Paris Ch op C"]
[Site "Paris "]
[Date "2008.06.30"]
[Round "3.16"]
[White "Antoni, Marc"]
[Black "Allaf, Alice"]
[Result "0-1"]
[WhiteElo "1370"]
[BlackElo "1499"]
[PlyCount "59"]
[EventDate "2008.06.28"]
[EventType "swiss"]
[EventRounds "9"]
[EventCountry "FRA"]
[WhiteTeamCountry "FRA"]
[BlackTeamCountry "FRA"]

1. Nf3 d5 2. e3 Nf6 3. b3 b6 4. Bb2 Nbd7 5. Bb5 Bb7 6. Bxd7+ Nxd7 7. d4 e6 8.
O-O Bd6 9. Nbd2 Nf6 10. Ne5 O-O 11. f4 c5 12. Rf3 Nd7 13. Rg3 Nxe5 14. dxe5 Be7
15. Qg4 g6 16. Nf3 d4 17. Rd1 Bxf3 18. Qxf3 f5 19. e4 Qc7 20. exf5 exf5 21.
Qd5+ Kh8 22. c3 Rad8 23. Qe6 dxc3 24. Rxd8 cxb2 25. Rd1 Rd8 26. Rb1 Rd2 27. Rf3
Qd8 28. Rff1 Qd4+ 29. Kh1 Qe4 30. Qxe7 0-1

[Event "Paris Ch op C"]
[Site "Paris "]
[Date "2008.06.30"]
[Round "3.23"]
[White "Weintraub, Richard"]
[Black "Fouliard, Matthieu"]
[Result "1-0"]
[WhiteElo "1470"]
[BlackElo "1330"]
[PlyCount "29"]
[EventDate "2008.06.28"]
[EventType "swiss"]
[EventRounds "9"]
[EventCountry "FRA"]
[WhiteTeamCountry "FRA"]
[BlackTeamCountry "FRA"]

1. e4 e5 2. f4 f6 3. fxe5 fxe5 4. Qh5+ g6 5. Qxe5+ Qe7 6. Qxh8 Nf6 7. d3 Kf7 8.
Bg5 d6 9. Qxf6+ Qxf6 10. Bxf6 Kxf6 11. Nf3 Nc6 12. Be2 Bh6 13. O-O Be3+ 14. Kh1
Ke7 15. Nc3 1-0

[Event "Paris Ch op C"]
[Site "Paris "]
[Date "2008.06.30"]
[Round "3.24"]
[White "Zeitoun, David"]
[Black "Zodros, Denis"]
[Result "0-1"]
[WhiteElo "1330"]
[BlackElo "1470"]
[PlyCount "46"]
[EventDate "2008.06.28"]
[EventType "swiss"]
[EventRounds "9"]
[EventCountry "FRA"]
[WhiteTeamCountry "FRA"]
[BlackTeamCountry "FRA"]

1. e4 e5 2. Nf3 Nc6 3. Bc4 Nf6 4. d3 Bc5 5. Bg5 h6 6. Bh4 d6 7. h3 Be6 8. Bb5
O-O 9. Bxc6 bxc6 10. g4 g5 11. Bg3 Kg7 12. Nc3 a6 13. Qd2 Nh7 14. O-O-O f6 15.
a3 Qe7 16. b4 Bb6 17. d4 d5 18. dxe5 dxe4 19. Nxe4 Rad8 20. Qe2 a5 21. b5 Qxa3+
22. Kb1 Qa2+ 23. Kc1 Qa1# 0-1

[Event "Paris Ch op C"]
[Site "Paris "]
[Date "2008.06.30"]
[Round "3.25"]
[White "Cordier, Daniel"]
[Black "Maury, Anette"]
[Result "0-1"]
[WhiteElo "1460"]
[BlackElo "1320"]
[PlyCount "80"]
[EventDate "2008.06.28"]
[EventType "swiss"]
[EventRounds "9"]
[EventCountry "FRA"]
[WhiteTeamCountry "FRA"]
[BlackTeamCountry "FRA"]

1. e4 e6 2. d4 d5 3. Nc3 Bb4 4. Bd3 dxe4 5. Bxe4 Nf6 6. Bd3 Nd5 7. Bd2 Nc6 8.
Nf3 h6 9. h4 Qe7 10. Qe2 Bd7 11. O-O-O O-O-O 12. Nxd5 Bxd2+ 13. Rxd2 exd5 14.
Qxe7 Nxe7 15. Ne5 Be6 16. g4 Rhf8 17. f4 f5 18. g5 hxg5 19. hxg5 Rd6 20. Rdh2
Rdd8 21. Rg1 Nc6 22. g6 Nxd4 23. c3 Nc6 24. Nxc6 bxc6 25. Ba6+ Kb8 26. Rh3 Rd6
27. Rd1 c5 28. b4 Rxa6 29. Kb2 cxb4 30. Re3 bxc3+ 31. Rxc3 Rb6+ 32. Kc2 Rb4 33.
Rcd3 c6 34. a3 Rxf4 35. Rb1+ Kc7 36. Kd2 d4 37. Rdb3 Bxb3 38. Rxb3 Rg4 39. Ke2
Re4+ 40. Kf3 Re3+ 0-1